000 01605nam a22002777a 4500
001 285
003 FISKH
005 20230316114620.0
008 230316b cb ||||| |||| 00| 0 eng d
020 _a9780857071316
040 _aFISKH
_beng
_cFISKH
_dFISKH
050 _aPZ7
082 _a823.92
100 _aGriffiths, Mark
245 _aSpace lizards stole my brain
260 _aLondon
_bSimon and Shuster
_c2011
300 _a251 p.
_c20 cm.
505 _aM
520 _aWhen Admiral Skink, an alien-lizard warlord from the planet Swerdlix, is attacked by The Hideous and Unimaginably Vast Comet Creature of Poppledock he faces a certain death... but luckily his underlings have installed the BrainTwizzler 360 Mind Migration SystemTM. This nifty invention safely transfers Skink's mind on to a memory wafer and jettisons it through space to find a suitable temporary "home" until he can be rescued by his fellow Swerdlixians. Unluckily for eleven-year-old Lance Spratley it just so happens that the temporary home for Admiral Skink's mind is his body! And while Skink deals with being trapped in Lance's useless body - it can't even breathe fire! - Lance is transferred to a virtual waiting room surrounded by the lizard race who seem intent on destroying Earth when they have successfully retrieved Skink.Will Lance ever get his body back? And even if he does will he be able to thwart Admiral Skink and the Swerdlixians plans to invade Earth...
521 8 _a700
_bLexile
521 8 _aM
_bRaz-Plus
650 _aspace
650 _aalens
650 _alizards
942 _2ddc
_cBK
_n0
999 _c285
_d285